All 10k+ cities in the Baltic countries - Statistics

General Stats
  • This quiz has been taken 30 times
  • The average score is 24 of 58
Answers on the Map
Answers color-coded by a green-red scale on the quiz's map according to % correct below.
 
Answer Stats
Country Population City % Correct
Latvia 591 882 Riga
100%
Estonia 456 518 Tallinn
100%
Lithuania 592 156 Vilnius
100%
Lithuania 304 210 Kaunas
83%
Latvia 78 112 Daugavpils
78%
Lithuania 159 403 Klaipėda
78%
Estonia 52 495 Narva
78%
Estonia 41 529 Pärnu
74%
Estonia 97 304 Tartu
74%
Lithuania 110 463 Šiauliai
70%
Latvia 32 719 Ventspils
70%
Latvia 54 821 Jelgava
65%
Latvia 51 933 Jūrmala
65%
Latvia 67 398 Liepāja
65%
Lithuania 36 704 Marijampolė
65%
Lithuania 86 606 Panevėžys
61%
Latvia 26 425 Rēzekne
61%
Lithuania 51 353 Alytus
57%
Latvia 21 014 Jēkabpils
57%
Estonia 12 989 Kuressaare
52%
Latvia 22 753 Ogre
52%
Lithuania 27 763 Utena
52%
Latvia 22 811 Valmiera
52%
Lithuania 18 066 Palanga
43%
Latvia 16 180 Tukums
43%
Estonia 11 999 Valga
43%
Estonia 17 157 Viljandi
43%
Estonia 32 839 Kohtla-Järve
39%
Estonia 12 024 Võru
39%
Latvia 17 863 Salaspils
35%
Lithuania 22 024 Telšiai
35%
Latvia 15 020 Cēsis
30%
Lithuania 26 838 Jonava
30%
Estonia 15 668 Rakvere
30%
Latvia 14 757 Sigulda
30%
Lithuania 33 377 Mažeikiai
26%
Lithuania 21 216 Tauragė
26%
Lithuania 20 928 Ukmergė
26%
Lithuania 19 330 Visaginas
26%
Lithuania 12 536 Elektrėnai
22%
Lithuania 23 362 Kėdainiai
22%
Latvia 16 790 Mārupe
22%
Lithuania 12 978 Druskininkai
17%
Lithuania 15 510 Gargždai
17%
Estonia 10 720 Jõhvi
17%
Estonia 11 024 Keila
17%
Estonia 16 875 Maardu
17%
Lithuania 17 259 Plungė
17%
Lithuania 11 388 Rokiškis
17%
Lithuania 16 002 Šilutė
17%
Lithuania 10 238 Biržai
13%
Lithuania 16 927 Kretinga
13%
Lithuania 15 518 Radviliškis
13%
Estonia 12 153 Sillamäe
13%
Lithuania 10 035 Garliava
9%
Lithuania 11 455 Jurbarkas
9%
Lithuania 10 182 Vilkaviškis
9%
Lithuania 10 570 Kuršėnai
4%
No matching quizzes found
Score Distribution
Percent of People with Each Score
Percentile by Number Answered
Your Score History
You have not taken this quiz